• 首页
  • 本馆介绍
  • 公告通知
  • 最新文献
  • 馆藏检索
  • 电子资源
  • 读者导购
  • 参考咨询
  • 我的图书馆
  • 登录
  • 详细信息显示
  • 放入我的书架
  • 预约/预借图书
  • 作者相关作品
  • 分类相关作品
  • 丛书相关作品
  • 出版社相关作品

书目信息

  • 表格格式
  • 工作单格式
  • 卡片格式
题名:
雷达浅说
    
 
作者: 戴亦晶 编著
分册:  
出版信息: 北京   人民邮电出版社  1956
页数: 79页
开本: 19cm
丛书名:
单 册:
中图分类: TN95
科图分类:
主题词: 雷达
电子资源:
ISBN:
000 00554nam0 2200217 450
001 0634620109
005 20060726094026.50
010    @dCNY0.32
091    @a15045.无116
100    @a20060726d1956 km y0chiy0120 ea
101 0  @achi
102    @aCN@b110000
102    @aCN@b110000
200 1  @a雷达浅说@Alei da qian shuo@f戴亦晶编著@Fdai yi jing bian zhu
210    @a北京@c人民邮电出版社@d1956
215    @a79页@d19cm
606 0  @a雷达
690    @aTN95@v3
701  0 @a戴亦晶@Adai yi jing@4编著
801  0 @aCN@bNISOFT@c20060726
905    @dTN95@e11
    
    雷达浅说/戴亦晶编著.-北京:人民邮电出版社,1956
    79页;19cm
    
    
    ISBN :CNY0.32
    
●
相关链接 在E读中查询图书 在五车中查询图书 在当当中查询图书 在豆瓣中查询图书


正题名:雷达浅说     索取号:TN95/11         预约/预借

序号 登录号 条形码 馆藏地/架位号 状态 备注
1 0438533   204385334   密集书库/ [索取号:TN95/11] 在馆    
唐山师范学院图书馆 欢迎您!
大连网信软件有限公司© 版权所有